Česko, Slovensko : 1918-2018 - 100 : Czech and Slovak century /

Hlavní autor: Radosta, Pavel
Jazyk: Slovenština
Čeština
Angličtina
Vydáno: Český Krumlov : MCU, 2018
Vydání: Vydání 1.
Edice: VisitBohemia photo
Témata:
Fyzický popis: 179 stran : barevné ilustrace, 1 mapa, noty ; 22 x 23 cm
Language note: Částečně slovenský text, souběžný anglický text
Knihy
Uloženo v:
LEADER 02069nam a2200577 i 4500
001 nkc20183050503
003 CZ PrNK
005 20200120120145.0
007 ta
008 181107s2018 xr abg e 000 0 cze
015 |a cnb003050503 
020 |a 978-80-7339-278-9  |q (vázáno) 
035 |a (OCoLC)1081400823 
040 |a BOA001  |b cze  |d ABA001  |e rda 
041 1 |a cze  |a eng  |a slo  |h cze  |h slo 
043 |a e-xr---  |a e-xo---  |a e-cs--- 
045 |a x1y1 
072 7 |a 908(437)  |x Vlastivěda Česka a Slovenska  |2 Konspekt  |9 8 
080 |a 908(437.3)  |2 MRF 
080 |a 908(437.6)  |2 MRF 
080 |a 908(437)  |2 MRF 
080 |a (084.12)  |2 MRF 
100 1 |a Radosta, Pavel  |7 pna2008444809  |4 aut 
245 1 0 |a Česko, Slovensko :  |b 1918-2018 - 100 : Czech and Slovak century /  |c texty: Pavel Radosta 
246 3 |a Československo 
246 3 0 |a Czech and Slovak century 
250 |a Vydání 1. 
264 1 |a Český Krumlov :  |b MCU,  |c 2018 
300 |a 179 stran :  |b barevné ilustrace, 1 mapa, noty ;  |c 22 x 23 cm 
336 |a text  |b txt  |2 rdacontent 
336 |a statický obraz  |b sti  |2 rdacontent 
337 |a bez média  |b n  |2 rdamedia 
338 |a svazek  |b nc  |2 rdacarrier 
490 1 |a VisitBohemia photo ;  |v 23. 
500 |a Chronologický přehled 
546 |a Částečně slovenský text, souběžný anglický text 
648 7 |a 1918-2018  |7 ch999772  |2 czenas 
651 7 |a Česko  |7 ge128065  |x vlastivěda  |2 czenas 
651 7 |a Slovensko  |7 ge128580  |x vlastivěda  |2 czenas 
651 7 |a Československo  |7 ge131689  |x vlastivěda  |2 czenas 
651 9 |a Czechia  |x description and travel  |2 eczenas 
651 9 |a Slovakia  |x description and travel  |2 eczenas 
651 9 |a Czechoslovakia  |x history and geography  |2 eczenas 
655 7 |a fotografické publikace  |7 fd132276  |2 czenas 
655 9 |a photographical works  |2 eczenas 
830 0 |a VisitBohemia photo  |0 s 
910 2 |a BOA001  |b 2-1418.167 
990 |a BK 
995 |a 01 
991 |b 201811  |c NOV 
996 6 |b 2610761238  |c 2-1418.167  |l MZK  |r Sklad / do 1 hodiny  |n 0  |p p.v.  |w 001695297  |u 000010  |a 1  |e BOA001  |j MZK50  |s P